<?xml version="1.0" encoding="UTF-8"?>
<record
    xmlns:xsi="http://www.w3.org/2001/XMLSchema-instance"
    xsi:schemaLocation="http://www.loc.gov/MARC21/slim http://www.loc.gov/standards/marcxml/schema/MARC21slim.xsd"
    xmlns="http://www.loc.gov/MARC21/slim">

  <leader>00762nam a22001577a 4500</leader>
  <controlfield tag="003">OSt</controlfield>
  <controlfield tag="005">20160105142558.0</controlfield>
  <controlfield tag="008">160104b        xxu||||| |||| 00| 0 eng d</controlfield>
  <datafield tag="040" ind1=" " ind2=" ">
    <subfield code="c">RUA</subfield>
  </datafield>
  <datafield tag="082" ind1=" " ind2=" ">
    <subfield code="a">LMA MEA 2012 B317 Or.1</subfield>
  </datafield>
  <datafield tag="100" ind1=" " ind2=" ">
    <subfield code="9">5980</subfield>
    <subfield code="a">MEAS, PHORIN.</subfield>
  </datafield>
  <datafield tag="245" ind1=" " ind2=" ">
    <subfield code="a">Study on using geographic information systems for making land cover map at angkor thom district siemreap province, &#x179F;&#x17B7;&#x1780;&#x17D2;&#x179F;&#x17B6;&#x1796;&#x17B8;&#x1780;&#x17B6;&#x179A;&#x1794;&#x17D2;&#x179A;&#x17BE;&#x1794;&#x17D2;&#x179A;&#x17B6;&#x179F;&#x17CB;&#x1794;&#x17D2;&#x179A;&#x1796;&#x17D0;&#x1793;&#x17D2;&#x1792;&#x1796;&#x17D0;&#x178F;&#x17CC;&#x1798;&#x17B6;&#x1793;&#x1797;&#x17BC;&#x1798;&#x17B7;&#x179F;&#x17B6;&#x179F;&#x17D2;&#x178F;&#x17D2;&#x179A;&#x178A;&#x17BE;&#x1798;&#x17D2;&#x1794;&#x17B8;&#x1780;&#x179F;&#x17B6;&#x1784;&#x1795;&#x17C2;&#x1793;&#x1791;&#x17B8;&#x1782;&#x1798;&#x17D2;&#x179A;&#x1794;&#x178A;&#x17B8;&#x1793;&#x17C5;&#x179F;&#x17D2;&#x179A;&#x17BB;&#x1780;&#x17A2;&#x1784;&#x17D2;&#x1782;&#x179A;&#x1792;&#x17C6; &#x1781;&#x17C1;&#x178F;&#x17D2;&#x178F;&#x179F;&#x17C0;&#x1798;&#x179A;&#x17B6;&#x1794;</subfield>
  </datafield>
  <datafield tag="260" ind1=" " ind2=" ">
    <subfield code="a">Phnom Penh</subfield>
    <subfield code="b">RUA</subfield>
    <subfield code="c">2012</subfield>
  </datafield>
  <datafield tag="300" ind1=" " ind2=" ">
    <subfield code="a">xi; 44p.</subfield>
    <subfield code="b">ill.</subfield>
    <subfield code="c">29cm.</subfield>
  </datafield>
  <datafield tag="942" ind1=" " ind2=" ">
    <subfield code="2">ddc</subfield>
    <subfield code="c">LMA</subfield>
  </datafield>
  <datafield tag="999" ind1=" " ind2=" ">
    <subfield code="c">5576</subfield>
    <subfield code="d">5576</subfield>
  </datafield>
  <datafield tag="952" ind1=" " ind2=" ">
    <subfield code="0">0</subfield>
    <subfield code="1">0</subfield>
    <subfield code="2">ddc</subfield>
    <subfield code="4">0</subfield>
    <subfield code="6">LMA_MEA_2012_000000000000000_B317_OR_1</subfield>
    <subfield code="7">0</subfield>
    <subfield code="9">30167</subfield>
    <subfield code="a">LBB</subfield>
    <subfield code="b">LBB</subfield>
    <subfield code="c"> 	B317</subfield>
    <subfield code="d">2016-01-04</subfield>
    <subfield code="l">1</subfield>
    <subfield code="m">2</subfield>
    <subfield code="o">LMA MEA 2012 B317 Or.1</subfield>
    <subfield code="p">RUA025927</subfield>
    <subfield code="r">2024-09-03</subfield>
    <subfield code="s">2024-07-13</subfield>
    <subfield code="w">2016-01-04</subfield>
    <subfield code="y">LMA</subfield>
  </datafield>
  <datafield tag="952" ind1=" " ind2=" ">
    <subfield code="0">0</subfield>
    <subfield code="1">0</subfield>
    <subfield code="2">ddc</subfield>
    <subfield code="4">0</subfield>
    <subfield code="6">LMA_MEA_2012_000000000000000_B317_OR_2</subfield>
    <subfield code="7">0</subfield>
    <subfield code="9">30168</subfield>
    <subfield code="a">LBB</subfield>
    <subfield code="b">LBB</subfield>
    <subfield code="c"> 	B317</subfield>
    <subfield code="d">2016-01-04</subfield>
    <subfield code="l">1</subfield>
    <subfield code="o">LMA MEA 2012 B317 Or.2</subfield>
    <subfield code="p">RUA025999</subfield>
    <subfield code="r">2024-04-23</subfield>
    <subfield code="s">2024-03-30</subfield>
    <subfield code="w">2016-01-04</subfield>
    <subfield code="y">LMA</subfield>
  </datafield>
  <datafield tag="952" ind1=" " ind2=" ">
    <subfield code="0">0</subfield>
    <subfield code="1">0</subfield>
    <subfield code="2">ddc</subfield>
    <subfield code="4">0</subfield>
    <subfield code="6">LMA_MEA_2012_000000000000000_B317_OR_3</subfield>
    <subfield code="7">0</subfield>
    <subfield code="9">30169</subfield>
    <subfield code="a">LBB</subfield>
    <subfield code="b">LBB</subfield>
    <subfield code="c"> 	B317</subfield>
    <subfield code="d">2016-01-04</subfield>
    <subfield code="o">LMA MEA 2012 B317 Or.3</subfield>
    <subfield code="p">RUA010482</subfield>
    <subfield code="r">2016-01-04</subfield>
    <subfield code="w">2016-01-04</subfield>
    <subfield code="y">LMA</subfield>
  </datafield>
  <datafield tag="952" ind1=" " ind2=" ">
    <subfield code="0">0</subfield>
    <subfield code="1">0</subfield>
    <subfield code="2">ddc</subfield>
    <subfield code="4">0</subfield>
    <subfield code="6">LMA_MEA_2012_000000000000000_B317_OR_4</subfield>
    <subfield code="7">0</subfield>
    <subfield code="9">30170</subfield>
    <subfield code="a">LBB</subfield>
    <subfield code="b">LBB</subfield>
    <subfield code="c"> 	B317</subfield>
    <subfield code="d">2016-01-04</subfield>
    <subfield code="o">LMA MEA 2012 B317 Or.4</subfield>
    <subfield code="p">RUA010553</subfield>
    <subfield code="r">2016-01-04</subfield>
    <subfield code="w">2016-01-04</subfield>
    <subfield code="y">LMA</subfield>
  </datafield>
  <datafield tag="952" ind1=" " ind2=" ">
    <subfield code="0">0</subfield>
    <subfield code="1">0</subfield>
    <subfield code="2">ddc</subfield>
    <subfield code="4">0</subfield>
    <subfield code="6">LMA_MEA_2012_000000000000000_B317_OR_5</subfield>
    <subfield code="7">0</subfield>
    <subfield code="9">30171</subfield>
    <subfield code="a">LBB</subfield>
    <subfield code="b">LBB</subfield>
    <subfield code="c"> 	B317</subfield>
    <subfield code="d">2016-01-04</subfield>
    <subfield code="l">1</subfield>
    <subfield code="o">LMA MEA 2012 B317 Or.5</subfield>
    <subfield code="p">RUA010194</subfield>
    <subfield code="r">2018-01-09</subfield>
    <subfield code="s">2016-12-20</subfield>
    <subfield code="w">2016-01-04</subfield>
    <subfield code="y">LMA</subfield>
  </datafield>
  <datafield tag="952" ind1=" " ind2=" ">
    <subfield code="0">0</subfield>
    <subfield code="1">0</subfield>
    <subfield code="2">ddc</subfield>
    <subfield code="4">0</subfield>
    <subfield code="6">LMA_MEA_2012_000000000000000_B317_OR_6</subfield>
    <subfield code="7">0</subfield>
    <subfield code="9">30172</subfield>
    <subfield code="a">LBB</subfield>
    <subfield code="b">LBB</subfield>
    <subfield code="c"> 	B317</subfield>
    <subfield code="d">2016-01-04</subfield>
    <subfield code="o">LMA MEA 2012 B317 Or.6</subfield>
    <subfield code="p">RUA010266</subfield>
    <subfield code="r">2016-01-04</subfield>
    <subfield code="w">2016-01-04</subfield>
    <subfield code="y">LMA</subfield>
  </datafield>
  <datafield tag="952" ind1=" " ind2=" ">
    <subfield code="0">0</subfield>
    <subfield code="1">0</subfield>
    <subfield code="2">ddc</subfield>
    <subfield code="4">0</subfield>
    <subfield code="6">LMA_MEA_2012_000000000000000_B317_OR_7</subfield>
    <subfield code="7">0</subfield>
    <subfield code="9">30173</subfield>
    <subfield code="a">LBB</subfield>
    <subfield code="b">LBB</subfield>
    <subfield code="c"> 	B317</subfield>
    <subfield code="d">2016-01-04</subfield>
    <subfield code="o">LMA MEA 2012 B317 Or.7</subfield>
    <subfield code="p">RUA010050</subfield>
    <subfield code="r">2016-01-04</subfield>
    <subfield code="w">2016-01-04</subfield>
    <subfield code="y">LMA</subfield>
  </datafield>
  <datafield tag="952" ind1=" " ind2=" ">
    <subfield code="0">0</subfield>
    <subfield code="1">0</subfield>
    <subfield code="2">ddc</subfield>
    <subfield code="4">0</subfield>
    <subfield code="6">LMA_MEA_2012_000000000000000_B317_OR_8</subfield>
    <subfield code="7">0</subfield>
    <subfield code="9">30174</subfield>
    <subfield code="a">LBB</subfield>
    <subfield code="b">LBB</subfield>
    <subfield code="c"> 	B317</subfield>
    <subfield code="d">2016-01-04</subfield>
    <subfield code="o">LMA MEA 2012 B317 Or.8</subfield>
    <subfield code="p">RUA010338</subfield>
    <subfield code="r">2016-01-04</subfield>
    <subfield code="w">2016-01-04</subfield>
    <subfield code="y">LMA</subfield>
  </datafield>
</record>
